000 02624cam a22002054a 4500
005 20250605163303.0
008 250528s ||||||||||||||||||||||||d
035 _a16057
040 _aGR-AtMCL
_bgre
_dGR-AtMCL
_eAACR2
245 1 _aΕπιχειρησιακή Έρευνα / Γραμμικός Προγραμματισμός, Αριστοποίηση σε Δίκτυα.
_nΤόμος Α' - Γ' 'Εκδοση
250 _a
260 _bAllyn And Bacon,
_c1990
300 _a470
505 0 _aΠρόλογος, Γραμμικός Προγραμματισμός, Μορφοποίηση Προβλημάτων Γραμμμικού Προγραμματισμού, Εισαγωγή στη Μέθοδο Simplex, Έναρξη και Σύγκλιση της Μεθόδου Simplex, Η Αναθεώρημένη Μέθοδος Simplex, Δυικότητα, Αριστοποίηση σε Δίκτυα, Παραμετρικός Γραμμικός Προγραμματισμός και Ανάλυση Ευαισθησίας, Το Πρόβλημα του Ελάχιστου Κόστους Ροής σ'ένα Δίκτυο, Το Πρόβλημα Μεταφοράς, Το Πρόβλημα Εκχώρησης, Το Πρόβλημα της Μέγιστης Ροής σ ένα Δίκτυο, Άριστες Διαδρομές, Το Πρόβλημα του Ελάχιστου Ζευγνύοντος Δέντρου, Βασικές Έννοιες της Θεωρίας Γραφημάτων, Βιβλιογραφία.
520 _aΠρόλογος, Γραμμικός Προγραμματισμός, Μορφοποίηση Προβλημάτων Γραμμμικού Προγραμματισμού, Εισαγωγή στη Μέθοδο Simplex, Έναρξη και Σύγκλιση της Μεθόδου Simplex, Η Αναθεώρημένη Μέθοδος Simplex, Δυικότητα, Αριστοποίηση σε Δίκτυα, Παραμετρικός Γραμμικός Προγραμματισμός και Ανάλυση Ευαισθησίας, Το Πρόβλημα του Ελάχιστου Κόστους Ροής σ'ένα Δίκτυο, Το Πρόβλημα Μεταφοράς, Το Πρόβλημα Εκχώρησης, Το Πρόβλημα της Μέγιστης Ροής σ ένα Δίκτυο, Άριστες Διαδρομές, Το Πρόβλημα του Ελάχιστου Ζευγνύοντος Δέντρου, Βασικές Έννοιες της Θεωρίας Γραφημάτων, Βιβλιογραφία.
700 1 _aΛουκάκης Μανώλης
942 _cBK
999 _c1597
_d1597